000 00519nam a2200157 i 4500
001 23362
003 ES-MaACL
005 20230906152846.0
007 t|
008 021210s1901 sp ||||1| spa d
100 1 _aAlvarez Arteta, Segundo.
_920699
245 1 3 _aLa cuestión de límite entre las Repúblicas del Ecuador y el Perú
_b: apuntes y documentos /
_cSegundo Alvarez Arteta.
260 _aSevilla :
_b[s.n.,
_c1901] (
_fEscuela Tip. Salesiano)
300 _aXVII, 553 p. ;
_c30 cm.
852 _aES-MaACL
_jG-6344
999 _c23362
_d23362